000 00635nam a22002172 4500
001 0000023906
005 20151217152251.0
008 130415s xx 000 0 eng d
020 _a0195736533 :
040 _aKABU
_cKABU
100 1 _aIpalei, Godfrey.
_@0000156753
245 1 0 _aMlemavu? si mimi /
_cGodfrey Ipalei.
250 _a1st ed.
260 _aNairobi :
_bO. U. P.,
_c2010.
300 _a78 p.
600 1 0 _aIpalei, Godfrey.
_@0000156753
650 0 _aPeople with disabilities
_xBiography
_zKenya.
_@0000183679
852 1 _9p250 KES
908 _a130415
950 _@1
999 _c10044
_d10044